Report of the first workshop on the development of a national information and communication infrasture (NICI) policy in Zambia (Record no. 56143)

MARC details
000 -LEADER
fixed length control field 00693nam a2200145 a 4500
008 - FIXED-LENGTH DATA ELEMENTS--GENERAL INFORMATION
fixed length control field 100330s2001 ||||||||||||||||| || u
050 ## - LIBRARY OF CONGRESS CALL NUMBER
Classification number UN-ECA(02)
110 ## - MAIN ENTRY--CORPORATE NAME
Corporate name or jurisdiction name as entry element United Nations Economic and Social Affairs (UNESA)
245 10 - TITLE STATEMENT
Title Report of the first workshop on the development of a national information and communication infrasture (NICI) policy in Zambia
Statement of responsibility, etc. United Nations
260 ## - PUBLICATION, DISTRIBUTION, ETC.
Place of publication, distribution, etc. New York
Name of publisher, distributor, etc. UNITED NATIONS
Date of publication, distribution, etc. 2001
300 ## - PHYSICAL DESCRIPTION
Extent 33p. :ill.
350 ## - PRICE (NR) (BK AM CF MU VM SE) [OBSOLETE]
Price 0.00
650 ## - SUBJECT ADDED ENTRY--TOPICAL TERM
Topical term or geographic name entry element INFORMATION COMMUNICATION TECHNOLOGY--EDUCATION--ZAMBIA
995 ## - RECOMMENDATION 995 [LOCAL, UNIMARC FRANCE]
-- 0.00
-- CBU-MAIN LIBRARY (Kitwe)
-- 1
-- 0.00
-- 1
-- AVAILABLE
-- Mar 30, 2010
-- Zambiana Collection
Holdings
Withdrawn status Lost status Source of classification or shelving scheme Damaged status Not for loan Home library Current library Shelving location Date acquired Total Checkouts Full call number Barcode Date last seen Price effective from Koha item type
          CBU-MAIN LIBRARY, KITWE. CBU-MAIN LIBRARY, KITWE.   11/30/2022   UN-ECA(02) 03006127 11/30/2022 11/30/2022 MONOGRAPH